01193 2200229 4500001002100000005001500021035002000036007000300056008004100059020002200100082001200122084001800134100003300152245009700185250001400282260004800296300004700344700002800391500049800419650002900917990001700946INLIS00000000000097620260519070642 a0010-0823000140ta260519 c 0 ind  a978-979-055-505-1 a297.911 a297.911 NUR p0 aNurul Asmayani ( Pengarang )1 aPebisnis Ulung :bteladan amanah dan jujur /cNurul Asmayani, ,dkk ; ilustrator Ade wawa,dkk a-Cet ke 7 aBandung :bSygma Creative Media Corp,c2020 a48 :bilus. ;gambar berwarna ;c27.5 cme-0 aAde Wawa ( Ilustrator ) aRifa'ah berkata, "suatu ketika, saya berpergian bersama Rasulullah saw. saat itu banyak manusia berdagang pada waktu pagi. lalu, beliau memanggil para pedagang tersebut, 'Wahai Para pedagang.' seketika itu, mereka menengadahkan pandangannya dan mengangkat leher mereka. Rasulullah saw. melanjutkan sabdanya, 'sesungguhnya, pada pedagang itu akan dibangkitkan pada hari kiamat sebagai orang yang durhaka kecuali yang bertakwa kepada Allah, berbuat baik dan jujur." (HR Tirmidzi dan Ibnu Majah) 4aislam - bacaan anak-anak a00007/K/2021